000 00843nam a22002417a 4500
008 081210t xxu||||| |||| 00| 0 eng d
010 _aENG-92095
020 _a0230635318
_c265.00
020 _a9780230635319
_c265.00
035 _aEN-75628
037 _bDBAD / PUB
040 _adpl
_bEnglish
082 _a333.707
100 _aChary, S.N.
245 _aEnvironmental studies /
_cby S.N. Chary
260 _aNew Delhi
_bMacmillan India
_c2008
270 _a2/10, Ansar Road, Daryaganj,
_bNew Delhi
_e110002
300 _axvi, 360p.:
_c24cm (pbk)
_bb&w photos
500 _aIncludes index
650 _aEnvironmental studies
942 _2ddc
_cEN
_mCHA
_h333.707
999 _c19636
_d19636